000
00497nam a2200169Ia 4500
008
090711s9999 xx 000 0 und d
082
_b
75793
100
_a
पाध्ये भाऊ
245
_a
डोंबा-याSाा खेळ
260
_c
1986
300
_a
298
600
_a
पाध्ये भाऊ
630
_a
डोंबा-याSाा खेळ
700
_a
पाध्ये भाऊ
730
_a
डोंबा-याSाा खेळ
942
_c
BOOK
999
_c
297757
_d
297757